000 00662nam a2200181 4500
001 6587
090 0 0 _aPOL.SCI CAP No.70
245 0 0 _aWomen in politics /
_b
_cNima Norbu.
_h
260 0 0 _a[Thimphu] :
_b[Royal Thimphu College],
_c2017.
300 0 0 _a24 leaves ; 30 cm.
504 _aIncludes Bibliography and References.
520 _aSpiral-bound xerographic copy.
520 _aStudent research project for BA, Political Science(Capstone Project):(2017).
650 _aWomen -- Political activity -- Bhutan.
_v
_x
_y
_z
_2
650 _aWomen in leadership -- Bhutan.
_v
_x
_y
_z
_2
650 _aWomen politicians -- Bhutan.
_v
_x
_y
_z
_2
650 0 0 _aCapstone Project.
_x
999 _c5540
_d5540